000 00788nam a2200193 i 4500
001 69603
003 ES-MaACL
005 20230906170546.0
007 t|
008 040708s1890 sp ||||1| spa d
100 1 _aGarcía Faria, Pedro (
_d1858-1927)
_954586
245 1 0 _aInsalubridad de las viviendas de Barcelona
_b: tema desarrollado en el Congreso Internacional de Ciencias Médicas celebrado en Barcelona en septiembre de 1888 /
_cPedro García Faria.
260 _aBarcelona :
_b[s.n.],
_c1890 (
_fImp. de J. Balmas Planas)
300 _a26 p. :
_bplanos ;
_c26 cm.
650 4 _aViviendas-
_xSalubridad.
_9148901
650 4 _aViviendas-
_zBarcelona.
_9173985
711 2 _aCongreso Internacional de Ciencias Médicas (
_d1888.
_cBarcelona)
_9151521
852 4 _aES-MaACL
_j1501-F-3
999 _c69603
_d69603